000 00491nam a2200181Ia 4500
005 20250508162314.0
008 008 250505s9999 xx 000 0 eng d
037 _aReference
040 _aFEDL
_beng
_cFEDL
041 _aeng
_2eng
084 _a920, HOA
_qFEDL
100 _aHoare Robert J
_9772806
245 0 _aDictionary of people
260 _aLondon, UK
_bLongmans, Green and Co.
_c1976
300 _aix,208p.
942 _cREF
_h920, HOA
999 _c1375730
_d1375730